| 000 | 01377cam a22003734a 4500 | ||
|---|---|---|---|
| 001 | 16585629 | ||
| 003 | ARRUPE | ||
| 005 | 20131106142612.0 | ||
| 008 | 101220s2011 enk b 001 0 eng | ||
| 010 | _a 2010052483 | ||
| 020 | _a9780415583329 (pbk. : alk. paper) | ||
| 020 | _a0415583322 (pbk. : alk. paper) | ||
| 020 | _a9780415583305 (alk. paper) | ||
| 020 | _a0415583306 (alk. paper) | ||
| 020 | _a9780203813201 (ebk.) | ||
| 020 | _a0203813200 (ebk.) | ||
| 035 | _a(OCoLC)ocn694172175 | ||
| 040 |
_aDLC _cDLC _dYDXCP _dBWX _dOBE _dDLC |
||
| 042 | _apcc | ||
| 050 | 0 | 0 |
_aB831.2 _b.R6795 2011 |
| 245 | 0 | 4 |
_aThe Routledge companion to postmodernism / _cedited by Stuart Sim. |
| 250 | _a3rd ed. | ||
| 260 |
_aLondon ; _aNew York : _bRoutledge, _c2011. |
||
| 300 |
_axiv, 328 p. ; _c24 cm. |
||
| 490 | 1 | _a[Routledge companions] | |
| 500 | _aPrevious ed.: 2005. | ||
| 504 | _aIncludes bibliographical references (p. 305-320) and index. | ||
| 650 | 0 |
_aPostmodernism. _93393 |
|
| 700 | 1 |
_aSim, Stuart. _93394 |
|
| 830 | 0 |
_aRoutledge companions. _93395 |
|
| 906 |
_a7 _bcbc _corignew _d1 _eecip _f20 _gy-gencatlg |
||
| 942 |
_2lcc _cMONOGRAPH |
||
| 999 |
_c118550 _d118550 |
||